Quiz sur Star Wars I : La Menace Fantôme - Statistiques

Statistiques générales
  • Ce quiz a été pris 270 fois
    252 depuis la dernière actualisation
  • Le résultat moyen est 16 sur 23
Statistiques - réponses
Hint Réponse % Correct
La guerre se termine et la paix revient sur Naboo. Pour satisfaire les dernières volontés du défunt chevalier jedi, on accepte finalement que le jeune garçon reçoive un enseignement jedi. Qui sera son maître ? Obi-Wan Kenobi
96%
Le réalisateur du film George Lucas
95%
Là-bas, quel impressionnant jeune garçon rencontrent-ils ? Anakin Skywalker
94%
Ils veulent retourner à Coruscant, mais leur vaisseau ayant un problème, ils se voient obligés de se poser sur une planète aride. Quel est son nom ? Tatooine
90%
Quelle planète est menacée ? Naboo
89%
Sa date de sortie 1999
88%
A l'aide d'un sous-marin, les trois personnages s'en vont vers Theed. Ils vont trouver et sauver la reine de Naboo, quel est son nom ? Padmé Amidala
87%
Après avoir obtenu les pièces pour réparer le vaisseau, les protagonistes y compris le jeune garçon repartent vers leur vaisseau pour rentrer à Coruscant...mais, par qui se font-ils agresser ? Dark Maul
86%
En arrivant sur cette planète ils rencontrent un autochtone, qui est-ce ? Jar Jar Binks
85%
Le nom du chevalier jedi au sabre vert Qui-Gon Jinn
85%
Qui est il pour Watto, le ferrailleur le plus connu de la ville ? Son esclave
82%
Qui est nommé à sa place ? Le sénateur Palpatine
77%
Le nom de son padawan Obi-Wan Kenobi
75%
L'antagoniste réussi à en vaincre un de deux, mais se fait tuer par l'autre. De quelle manière ? Il se fait trancher en deux
66%
Ils parviennent tout de même à regagner la planète. Là-bas, le chevalier jedi demande à ce que le jeune garçon reçoive un enseignement jedi. Pourquoi sa demande est refusée ? Le garçon est trop vieux
59%
De quelle espèce fait-il parti ? Gungan
56%
Où se trouvent-ils ? Dans un vaisseau de la Fédération du commerce
53%
Contre qui la reine de Naboo va demander une motion de censure ? Le Chancelier Finis Valorum
53%
Dans quoi tombe-t-il ? Dans un trou
48%
Le jeune garçon a un taux de midi-chloriens anormalement élevé. Qu'est ce que cela peut signifier ? Qu'il est l'élu chargé d'amener l'équilibre dans la force
41%
Les protagonistes retournent à Naboo et un plan est établi pour faire revenir la paix. Cependant l'agresseur de Tatooine revient les empêcher de mener à bien leur plan. Qui se décident à l'affronter ? Qui-Gon et Obi-Wan
32%
Qui recherchent-ils ? Le vice roi, Nute Gunray
31%
Parallèlement, tous les droïdes de l'armée de la Fédération s'arrêtent de fonctionner grâce à la destruction d'un élément. De quoi s'agit-il ? Le vaisseau amiral
12%
Aucun quiz correspondant
Distribution des résultats
% des personnes avec chaque résultat
Percentile par nombre de réponses
Votre historique - résultats
Vous n’avez pas pris ce quiz depuis la dernière actualisation